| 000 | 00518nam a2200169Ia 4500 | ||
|---|---|---|---|
| 008 | 090201s9999 xx 000 0 und d | ||
| 010 | _aKPL-37393 | ||
| 040 | _bमराठी | ||
| 041 | _aमराठी | ||
| 082 |
_a14896 _b37393 |
||
| 100 | _aशंकर भाऊ साठे | ||
| 245 |
_aसुगंधा _cशंकर भाऊ साठे |
||
| 260 |
_c2004 _bविद्यार्थी प्रकाशन |
||
| 300 |
_a163 _bमोठा |
||
| 600 | _aसुगंधा | ||
| 942 | _cBOOK | ||
| 999 |
_c215037 _d215037 |
||